000 00457nam a2200145Ia 4500
003 OSt
005 20260227143000.0
008 211028s2019 xx 000 0 und d
040 _cAIMIT LIBRARY
041 _aeng
100 _aDsouza, Wilson Joel; Dias, Beena.
_g1716226
_98198
245 _aStudy on customer satisfaction level and expectation in new India assurance Company in Mangalore /
260 _aMangalore
_bRowena Wright
_c2019
942 _2ddc
_cPRO
999 _c219766
_d219766